Macroeconomic management programs and policies

Saved in:
Bibliographic Details
Other Authors: Khan, Mohsin S., Nsouli, Saleh M., Wong, Chorng-Huey
Format: Book
Language:English
Published: Washington IMF 2002
Subjects:
Tags: Add Tag
No Tags, Be the first to tag this record!

MARC

LEADER 00000nam$a2200000$$$4500
001 0003130
005 20240104133019.6
020 |a 1-58906-094-6 
041 0 |a eng 
044 |a US 
245 1 0 |a Macroeconomic management  |b programs and policies  |c Editors: Mohsin S. Khan, Saleh M. Nsouli, Chorng-Huey Wong 
264 1 |a Washington  |b IMF  |c 2002 
300 |a 344 s. 
610 2 0 |a makroekonomika 
610 2 0 |a politika menová 
610 2 0 |a politika fiškálna 
610 2 0 |a kurz devízový 
610 2 0 |a tempo rastu hospodárskeho 
610 2 0 |a Medzinárodný menový fond 
610 2 0 |a inflácia 
700 1 |a Khan, Mohsin S. 
700 1 |a Nsouli, Saleh M. 
700 1 |a Wong, Chorng-Huey